| 000 | 00562nam a2200217 a 4500 | ||
|---|---|---|---|
| 999 |
_c12568 _d12568 |
||
| 001 | 12568 | ||
| 003 | BD-JhCC | ||
| 005 | 20220910080941.0 | ||
| 008 | 220910s2021 bg a|||| |||| 000 0 eng d | ||
| 020 | _a9789849566878 | ||
| 035 | _a(BD-JhCC)12568 | ||
| 040 |
_aBD-JhCC _dBD-JhCC |
||
| 041 | _aeng | ||
| 082 |
_a359 _bNIZ 2021 |
||
| 100 | _aNizam, Sarwar Jahan | ||
| 245 |
_aWaves after waves / _cSarwar Jahan Nizam |
||
| 260 |
_aDhaka : _bTiotomboor, _c2021 |
||
| 300 |
_a263 p. : _bill. ; _c22 cm. |
||
| 650 |
_aNavy _xDefence _zBangladesh |
||
| 942 |
_2ddc _cBK |
||